Längste Eisenbahnbrücken in Deutschland - Statistiken

Allgemein
  • Dieses Quiz wurde 6 mal gespielt
  • Das Durchschnittsergebnis liegt bei 3 aus 15
Antwortstatistiken
Bahnstrecke Länge in m Brücke % Korrekt
Neumünster-Flensburg 2486 Rendsburger Hochbrücke
83%
Marschbahn 2218 Hochbrücke Hochdonn
33%
Neubaustrecke Erfurt-Leipzig/Halle 6465 Saale-Elster-Talbrücke
33%
Neubaustrecke Erfurt-Leipzig/Halle 2668 Unstruttalbrücke
33%
Schnellfahrstrecke Hannover-Würzburg 1056 Auetalbrücke
17%
Schnellfahrstrecke Mannheim-Stuttgart 1044 Enztalbrücke
17%
Schnellfahrstrecke Hannover-Würzburg 1450 Fuldatalbrücke Morschen
17%
Schnellfahrstrecke Hannover-Würzburg 1628 Fuldatalbrücke Solms
17%
Schnellfahrstrecke Nürnberg-Erfurt 1104 Grümpentalbrücke
17%
Schnellfahrstrecke Hannover-Würzburg 1160 Bartelsgrabentalbrücke
0%
Schnellfahrstrecke Mannheim-Stuttgart 1100 Containerbahnhofbrücke Mannheim
0%
Schnellfahrstrecke Nürnberg-Erfurt 1121 Geratalbrücke Ichtershausen
0%
Schnellfahrstrecke Nürnberg-Erfurt 1681 Ilmtalbrücke
0%
Schnellfahrstrecke Hannover-Würzburg 1232 Leinachtalbrücke
0%
Schnellfahrstrecke Hannover-Würzburg 1280 Maintalbrücke Veitshöchheim
0%
Keine übereinstimmenden Quizze gefunden
Verteilung der Resultate
Anzahl Personen mit jedem Resultat
Perzentil nach korrekt beantworteten Fragen
Ihre Resultats-Entwicklung
Sie haben dieses Quiz noch nicht gespielt